Danh nhân các thời đại đạo tu thân

Saved in:
Bibliographic Details
Main Author: Trí Tuệ
Format: Book
Language:Undetermined
Published: Tp.Hồ Chí Minh Phương Đông 2005
Subjects:
Tags: Add Tag
No Tags, Be the first to tag this record!
Institutions: Trung tâm Học liệu Trường Đại học Cần Thơ
LEADER 00531nam a2200193Ia 4500
001 CTU_97282
008 210402s9999 xx 000 0 und d
020 |c 24000 
082 |a 158.1 
082 |b Tr300 
100 |a Trí Tuệ 
245 0 |a Danh nhân các thời đại đạo tu thân 
245 0 |c Trí Tuệ 
260 |a Tp.Hồ Chí Minh 
260 |b Phương Đông 
260 |c 2005 
650 |a Self-improvement 
904 |i Minh(Tuyen) 
980 |a Trung tâm Học liệu Trường Đại học Cần Thơ